Score 0/15 Timer 04:00
1 Play Today
% Correct
Baked Alaska
79.9%
Paella
71.8%
Coq Au Vin
71.3%
Moo Goo Gai Pan
69.3%
Schnitzel
69.3%
Stroganoff
66.2%
Fonduta
62.3%
Hushpuppies
61.7%
% Correct
Udon
58.3%
Gazpacho
58.2%
Dolmades
56.4%
Colcannon
46.5%
Etoufee
39.7%
Pozole
35.9%
Bunny Chow
34.7%
Remove Ads.
Support Sporcle.
Get the best of Sporcle when you Go Orange. This ad-free experience offers more features, more stats, and more fun while also helping to support Sporcle. Thank you for becoming a member.

You're not logged in!

Compare scores with friends on all Sporcle quizzes.
OR
Log In

Show Comments

Extras

Top Quizzes Today


Score Distribution

Your Account Isn't Verified!

In order to create a playlist on Sporcle, you need to verify the email address you used during registration. Go to your Sporcle Settings to finish the process.

Report this User

Report this user for behavior that violates our Community Guidelines.

Details: